| 000 | 00847nam a2200241 a 4500 | ||
|---|---|---|---|
| 001 | 000025829 | ||
| 003 | DO-SdBNP | ||
| 005 | 20240412074252.0 | ||
| 007 | ta | ||
| 008 | 110223e2006 dr gr 001 e spa d | ||
| 040 |
_aDO-SdBNP _bspa _cBNPHU |
||
| 082 |
_aRD861.44 _bB796zJ |
||
| 100 |
_aGautier, Manuel Salvador, _d1930-2021 _929016 |
||
| 245 | 1 | 0 |
_aJaime al descubierto : _bla expresión íntima en el libro de poemas. rituales de lluvia de Jaime Tatem Brache. ensayo / _cManuel Salvador Gautier. |
| 260 |
_aSanto Domingo : _bBúho, _c2006 |
||
| 300 |
_a34 p. ; _c23 cm. |
||
| 500 | _aIncluye datos biográficos del autor en la contraportada | ||
| 600 | 4 |
_aTatem Brache, Jaime, _d1962- _xCrítica e Interpretación _925118 |
|
| 650 | 4 |
_aPoesía dominicana _966 |
|
| 650 | 0 |
_aLiteratura dominicana. _967 |
|
| 910 | _aMFeliz | ||
| 942 |
_2ddc _cLF2 |
||
| 999 |
_c25321 _d25321 |
||